Music Quiz

Random Music or Song Quiz

Song Titles Missing What Kind of Things? Quiz Stats

 Plays Quiz not verified by Sporcle

Support Sporcle.
Go Orange.
Score 0/24 Timer 03:00
0 Plays Today
Question Answer Wrong Answers
Eye of the _____
Survivor
Animals (Tiger)
85.6%
People
1.1%
Other
1.2%
Material ____
Madonna
People (Girl)
83.6%
Animals
1.2%
Other
2.2%
Set Fire to the ____
Adele
Other (Rain)
82.3%
Animals
1.8%
People
2.7%
When _____ Cry
Prince
Animals (Doves)
79.5%
People
5.4%
Other
2.2%
A New ___ Has Come
Celine Dion
Other (Day)
77.4%
Animals
2.6%
People
7.3%
_________ Rock
Elton John
Animals (Crocodile)
76.3%
People
2.8%
Other
8.7%
American ___
Don McLean
Other (Pie)
73.9%
Animals
1.9%
People
11.3%
______ Are Strange
The Doors
People (People)
71.7%
Animals
6.4%
Other
7.6%
Private ______
Tina Turner
People (Dancer)
71.3%
Animals
2.6%
Other
13.2%
Holding Out For a ____
Bonnie Tyler
People (Hero)
71.3%
Animals
2.6%
Other
12.9%
Kiss From a ____
Seal
Other (Rose)
70.7%
Animals
9.7%
People
6.4%
I'm Like a ____
Nelly Furtado
Animals (Bird)
68.4%
People
7.8%
Other
10.5%
Paperback ______
The Beatles
People (Writer)
66.5%
Animals
4%
Other
16.7%
White ______
Jefferson Airplane
Animals (Rabbit)
65.2%
People
5.8%
Other
15.7%
_______ Race
Queen
Other (Bicycle)
64.5%
Animals
13.6%
People
8.8%
Uptown ____
Mark Ronson ft. Bruno Mars
Other (Funk)
64.2%
Animals
1.2%
People
21.6%
Wild ______
The Rolling Stones
Animals (Horses)
61.5%
People
6.1%
Other
19.1%
___ Days Are Over
Florence + The Machine
Animals (Dog)
57.8%
People
4.3%
Other
24.7%
I Am a ____
Simon and Garfunkel
Other (Rock)
54.4%
Animals
17.7%
People
14.9%
_______ of Cydonia
Muse
People (Knights)
51%
Animals
13.6%
Other
21.4%
Gimme! Gimme! Gimme! (A ___ After Midnight)
ABBA
People (Man)
50.8%
Animals
4.4%
Other
31.8%
______ on the Hill
Ed Sheeran
Other (Castle)
50.7%
Animals
6.8%
People
28.7%
Cool For ____
Squeeze
Animals (Cats)
31.3%
People
16.8%
Other
38.4%
Beware of the ____ (Mundian to Bach Ke)
Panjabi MC
People (Boys)
22%
Animals
46.2%
Other
18.3%

You're not logged in!

Compare scores with friends on all Sporcle quizzes.
OR
Log In
Forgot?

From the Vault

Top 100 Bands (1980)

by Alex951998

This quiz will take you back to Funkytown.
Remove Ads.
Support Sporcle.
Get the best of Sporcle when you Go Orange. This ad-free experience offers more features, more stats, and more fun while also helping to support Sporcle. Thank you for becoming a member.

Show Comments

Extras

Top Quizzes Today


Score Distribution

Your Account Isn't Verified!

In order to create a playlist on Sporcle, you need to verify the email address you used during registration. Go to your Sporcle Settings to finish the process.

Report this User

Report this user for behavior that violates our Community Guidelines.

Details: